Menový vývoj: podnety na zamyslenie
Charakteristika najdôležitejších skutočností vývoja v SR (16 bodov), na ktoré upozorňuje Národná banka Slovenska.
Enregistré dans:
| Auteur principal: | |
|---|---|
| Format: | Chapitre de livre |
| Langue: | slovaque |
| Sujets: | |
| Tags: |
Pas de tags, Soyez le premier à ajouter un tag!
|
MARC
| LEADER | 00000naa a2200000 4500 | ||
|---|---|---|---|
| 001 | r027446 | ||
| 005 | 20230606082214.5 | ||
| 041 | 0 | |a slo | |
| 044 | |a SK | ||
| 245 | 1 | 0 | |a Menový vývoj: podnety na zamyslenie |c V. Vaškovič |
| 520 | |a Charakteristika najdôležitejších skutočností vývoja v SR (16 bodov), na ktoré upozorňuje Národná banka Slovenska. | ||
| 610 | 2 | 0 | |a vývoj menový |
| 610 | 2 | 0 | |a NBS Bratislava |
| 610 | 2 | 0 | |a vývoj hospodársky |
| 610 | 2 | 0 | |a financie |
| 610 | 2 | 0 | |a mena |
| 610 | 2 | 0 | |a politika menová |
| 610 | 2 | 0 | |a zadlženosť |
| 610 | 2 | 0 | |a produkt domáci hrubý |
| 610 | 2 | 0 | |a kapitál zahraničný |
| 610 | 2 | 0 | |a nástroje politiky menovej |
| 610 | 2 | 0 | |a Slovensko |
| 100 | 1 | |a Vaškovič, V. | |